Littérature francaise. Le moyen age II (1300-1480)

Gorde:
Xehetasun bibliografikoak
Formatua: Liburua
Hizkuntza:Undetermined
Argitaratua: París, Francia Arthaud 1971
Gaiak:
Etiketak: Etiketa erantsi
Etiketarik gabe, Izan zaitez lehena erregistro honi etiketa jartzen!

MARC

LEADER 00000nam a2200000Ia 4500
008 170316s9999 xx 000 0 und d
040 |a cru BVZT 
090 |a A-840 L-3l v.2 
245 |a Littérature francaise. Le moyen age II (1300-1480) 
260 |a París, Francia 
260 |b Arthaud 
260 |c 1971 
300 |a 342 páginas 
650 |a LITERATURA FRANCESA 
650 |a ANTOLOGÍA 
999 |c 12438  |d 12438 
942 |c 15 D  |h A-840 L-3l v.2  |2 z